| 000 | 00701nam a2200217 4500 | ||
|---|---|---|---|
| 003 | OSt | ||
| 005 | 20240717034716.0 | ||
| 006 | a | ||
| 008 | 240717b |||||||| |||| 00| 0 eng d | ||
| 020 | _a1568812159 | ||
| 040 |
_aDWCL-Main lib. _cOC |
||
| 082 | _aCirc. 621.3893 Au912 2007 | ||
| 245 | _aAudio anecdotes III: tools, tips and techniques for digital audio / | ||
| 260 |
_aWellesley, Mass. : _bAK Peters Ltd., _cc2007. |
||
| 300 |
_axxiv, _b481 p. : ill. ; _c24 cm. |
||
| 504 | _aIncludes bibliographical references and index. | ||
| 650 | _a1. Sound-Recording and reproducing-Digital techniques. | ||
| 700 | _aKen Greenebaum | ||
| 700 | _aRonen Barzel | ||
| 942 |
_2ddc _n0 _cBK-CIRC _kCirc. |
||
| 999 |
_c2304 _d2304 |
||